| 000 | 00542nam a22002057a 4500 | ||
|---|---|---|---|
| 003 | OSt | ||
| 005 | 20140310182939.0 | ||
| 008 | 130202t xxu||||| |||| 00| 0 eng d | ||
| 020 | _a9712340031 | ||
| 050 |
_aLC315 _b.T562 |
||
| 082 |
_aFIL 301.02 _2T44 2005 |
||
| 245 |
_aSocial philosophy _bfoundations of values education _cTiempo, Alex |
||
| 260 |
_aManila _bRex Book Store _cc2005 |
||
| 300 |
_aix, 134 p. _bill. _c23 cm |
||
| 521 | _aCollege | ||
| 526 | _c1210L-1700L | ||
| 541 | _j1 | ||
| 562 | _e1 | ||
| 942 |
_2lcc _cBK _kFIL |
||
| 999 |
_c17688 _d17688 |
||